Statistics for iann dior Charting Songs (Billboard Hot Rock)

Click here to take the quiz!

General Stats

  • This quiz has been taken 39 times
    (14 since last reset)
  • The average score is 6 of 12

Answer Stats

AlbumWeeks OnPeakArtist(s)Song% Correct
El Dorado52 Weeks#124kGoldn ft. iann diorMood
100%
I'm Gone20 Weeks#3iann dior ft. Machine Gun Kelly & Travis BarkerSick and Tired
69%
On to Better Things1 Week#50iann dior & Travis BarkerObvious
62%
On to Better Things6 Weeks#18iann dior, Travis Barker & Machine Gun KellyThought It Was
62%
Mainstream Sellout4 Weeks#16Machine Gun Kelly & iann diorfake love don't last
54%
Fallen Embers3 Weeks#23ILLENIUM & iann diorFirst Time
54%
Tickets to My Downfall5 Weeks#20Machine Gun Kelly ft. iann diornothing inside
54%
Non-Album Single1 Week#29jxdn ft. iann diorTonight
54%
Non-Album Single1 Week#46LILHUDDY ft. iann dior, Tyson Ritter & Travis BarkerDon't Freak Out
31%
On to Better Things1 Week#37iann diorIs It You
31%
Non-Album Single1 Week#50Mike Shinoda ft. iann dior & UPSAHLHappy Endings
23%
Non-Album Single1 Week#40iann diorLive Fast Die Numb
23%

Score Distribution

Percentile by Number Answered

Percent of People with Each Score

Your Score History

You have not taken this quiz since the last reset